ANNEANNEM ASKERE GİDİYOR (Record no. 687783)

MARC details
000 -LEADER
sabit uzunluktaki kontrol alanı 00252nam a2200097Ia 4500
001 - KONTROL NUMARASI
kontrol alanı 687783
005 - EN SON İŞLEMİN TARİH VE ZAMANI
kontrol alanı 20250826161602.0
008 - SABİT-UZUNLUKTA VERİ ÖĞELERİ--GENEL BİLGİ
sabit uzunluktaki kontrol alanı 250824s9999 xx 000 0 und d
245 #0 - ESER / YAZAR
ESER ADI ANNEANNEM ASKERE GİDİYOR
Yazar Adı MUZAFFER İZGÜ
260 ## - YAYIN, DAĞITIM, VB.
YAYIN EVİ BİLGİ YAYINLARI
Holdings
Düşüm durumu Kayıp durumu Hasar Durumu Ödünç verilmez Ana kütüphane Geçerli Kütüphane Edinilen tarih Toplam ödünç verme sayısı Barkod Son görüntüleme tarihi Son ödünç verme tarihi Fiyatın geçerli olmaya başladığı tarih Koha materyal türü
        KEMAL AKPINAR İMAM HATİP ORTAOKULU KEMAL AKPINAR İMAM HATİP ORTAOKULU 24.08.2025 1 1028862 24.04.2026 27.03.2026 26.08.2025 Books